| 000 | 00699nam a2200241Ia 4500 | ||
|---|---|---|---|
| 005 | 20250425161928.0 | ||
| 008 | 250425s9999 xx 000 0 und d | ||
| 041 | _aspa | ||
| 043 | _aec | ||
| 082 | _a658.048 | ||
| 100 | _aRODRIGUEZ, JORGE ED | ||
| 245 | 0 | _aORGANIZACION NO GUBERNAMENTALES QUE OPERAN EN EL CAMPO DE LA SALUD EN EL ECUADOR | |
| 250 | _a1A ED. | ||
| 260 |
_aEcuador _bORGANIZACION PANAMERICANA DE LA SALUD _c1993 |
||
| 260 |
_aS.L. _bORGANIZACION PANAMERICANA DE LA SALUD |
||
| 300 | _a94 | ||
| 650 | _aESTUDIO DE SALUD | ||
| 650 | _aORGANIZACION | ||
| 650 | _aSALUD PUBLICA-ECUADOR | ||
| 710 | _aORGANIZACION PANAMERICA DE LA SALUD | ||
| 942 | _c01 | ||
| 010 | _a35275 | ||
| 999 |
_c219052 _d219052 |
||